[Event "Moscow Open F Women"]
[Site "Moscow RUS"]
[Date "2011.01.30"]
[Round "2.42"]
[White "Vanchikova, Dulma"]
[Black "Mukhametgaleeva, Railia"]
[Result "0-1"]
[WhiteElo "1719"]
[BlackElo "1983"]
[WhiteFideId "4170792"]
[BlackFideId "4123263"]
[EventDate "2011.01.29"]

1. e4 e5 2. Nf3 Nc6 3. Bc4 Nf6 4. Nc3 Nxe4 5. Nxe4 d5 6. Bxd5 Qxd5 7. d3 Bg4 8.
h3 Bh5 9. Be3 O-O-O 10. a3 f5 11. Nc3 Bxf3 12. Qxf3 Qxf3 13. gxf3 f4 14. Bd2 Nd4
15. O-O-O Nxf3 16. Ne4 Nxd2 17. Rxd2 Bd6 18. Rg1 Rd7 19. Ng5 h6 20. Nf3 Rg8 21.
Rg6 Re7 22. Re2 Rf8 23. Nh4 f3 24. Re3 e4 25. Rxe4 Rxe4 26. dxe4 Bc5 27. Rxg7
Bxf2 28. Nf5 Bd4 29. Rg3 f2 30. Rf3 Be3+ 31. Kb1 Bc5 32. b4 Rg8 33. bxc5 Rg1+
34. Kb2 f1=Q 35. Rxf1 Rxf1 36. Nxh6 Re1 37. c3 Rxe4 38. Nf7 Rh4 39. Ng5 Rh5 40.
Ne4 Rxh3 41. Kb3 Rh4 42. Nd2 Kd7 43. c4 Kc6 44. Kb4 a5+ 45. Kxa5 Kxc5 46. a4 Rh5
47. Nb3+ Kxc4+ 48. Nc5 Rxc5# 0-1

[Event "Moscow Open F Women"]
[Site "Moscow RUS"]
[Date "2011.01.30"]
[Round "2.43"]
[White "Kalashnikova, Larisa"]
[Black "Anfinogenova, Anastasiya"]
[Result "1/2-1/2"]
[WhiteTitle "WFM"]
[WhiteElo "1971"]
[BlackElo "1708"]
[WhiteFideId "4110986"]
[BlackFideId "24123030"]
[EventDate "2011.01.29"]

1. c4 e5 2. Nc3 Nf6 3. g3 Bc5 4. Bg2 O-O 5. e4 Nc6 6. Nge2 Nd4 7. O-O d6 8. h3
Be6 9. d3 h6 10. Nxd4 Bxd4 11. Ne2 Bb6 12. b4 c6 13. Bb2 Nd7 14. Kh2 f5 15. f4
g5 16. Rc1 Be3 17. Rc2 fxe4 18. dxe4 gxf4 19. Rf3 Kh7 20. Qxd6 Qe8 21. gxf4 exf4
22. Nd4 Bxd4 23. Qxd4 Qf7 24. Rcf2 Qe7 25. Rxf4 Rxf4 26. Rxf4 Rf8 27. Rxf8 Qxf8
28. a3 Kg6 29. c5 Qf4+ 30. Kh1 Nf6 31. Kg1 Kf7 32. Kh1 Kg6 33. Kg1 h5 34. Qc3 h4
35. Bc1 Qg3 36. Qc2 Bxh3 37. e5+ Bf5 38. Qd2 Ne4 39. Qh6+ Kf7 40. Bf4 Qg4 41.
Kh2 h3 42. Bxh3 Qxh3+ 43. Qxh3 Bxh3 44. Kxh3 Nf2+ 45. Kg2 Nd3 46. Kf3 Ke6 47.
Ke4 Nb2 48. Kd4 b6 49. cxb6 axb6 50. Bg3 Na4 51. Bf4 b5 52. Bg3 Kd7 53. Bf4 Ke6
54. Bc1 Kd7 55. Bd2 Ke6 56. Bf4 Kf7 57. Ke4 1/2-1/2

[Event "Moscow Open F Women"]
[Site "Moscow RUS"]
[Date "2011.01.30"]
[Round "2.44"]
[White "Saikhanzaya, Ganbaatar"]
[Black "Anu, Bayar"]
[Result "0-1"]
[WhiteElo "1704"]
[BlackElo "1957"]
[WhiteFideId "4900030"]
[BlackFideId "4901339"]
[EventDate "2011.01.29"]

1. d4 Nf6 2. c4 c5 3. d5 e6 4. Nf3 exd5 5. cxd5 g6 6. Nc3 d6 7. e4 Bg7 8. Bd3
O-O 9. h3 b5 10. Nxb5 Nxe4 11. O-O a6 12. Qa4 Nf6 13. Nc3 Nbd7 14. Qc2 Nb6 15.
Bg5 h6 16. Bxf6 Qxf6 17. Nd2 Qf4 18. Rad1 Bxh3 19. Ne2 Qg5 20. Ng3 Bg4 21. Rde1
f5 22. Re6 Be5 23. Nc4 Nxc4 24. Qxc4 Bh5 25. b4 cxb4 26. Nxh5 Qxh5 27. f4 Rfc8
28. Qxb4 Rab8 29. Qa4 Qg4 30. Bxa6 Rb2 31. Re8+ Rxe8 32. Qxe8+ Kh7 33. Qe7+ Bg7
34. Rf2 Qd1+ 35. Bf1 Rxf2 36. Kxf2 Qd4+ 37. Qe3 Qxd5 38. Qb3 Qd4+ 39. Kf3 Qe4+
40. Kg3 Qe1+ 41. Kh3 Qxf1 42. Kg3 Qe1+ 43. Kf3 Qe4+ 44. Kg3 d5 45. a4 d4 46. Qd1
d3 47. a5 Qe3+ 48. Qf3 Qe1+ 49. Kh3 d2 0-1

[Event "Moscow Open F Women"]
[Site "Moscow RUS"]
[Date "2011.01.30"]
[Round "2.45"]
[White "Turygina, Irina"]
[Black "Abdumalik, Zhansaya"]
[Result "0-1"]
[BlackTitle "WFM"]
[WhiteElo "1650"]
[BlackElo "1938"]
[WhiteFideId "24110973"]
[BlackFideId "13703544"]
[EventDate "2011.01.29"]

1. e4 c5 2. Nf3 d6 3. d4 cxd4 4. Nxd4 Nf6 5. Nc3 a6 6. Be2 e5 7. Nb3 Be7 8. Be3
Be6 9. f3 Qc7 10. Qd2 Nbd7 11. O-O-O Rc8 12. g4 b5 13. Bd3 Nb6 14. Bxb6 Qxb6 15.
Kb1 O-O 16. h4 Qb7 17. h5 Rcd8 18. g5 Nd7 19. Rdg1 Kh8 20. Ne2 d5 21. Ng3 Nb6
22. Na5 Qc7 23. Nf5 Bc5 24. Rg3 dxe4 25. fxe4 Bxf5 26. exf5 e4 27. Rgh3 b4 28.
f6 exd3 29. g6 h6 30. fxg7+ Kxg7 31. Qg2 dxc2+ 32. Kc1 Qf4+ 33. Kxc2 Qf2+ 34.
Qxf2 Bxf2 35. Rf3 fxg6 0-1

[Event "Moscow Open F Women"]
[Site "Moscow RUS"]
[Date "2011.01.30"]
[Round "2.46"]
[White "Achinova, Giliana"]
[Black "Terentieva, Alena"]
[Result "1-0"]
[WhiteElo "1936"]
[BlackElo "1700"]
[WhiteFideId "4102428"]
[BlackFideId "24141291"]
[EventDate "2011.01.29"]

1. e4 e5 2. Nf3 Nc6 3. Bb5 a6 4. Ba4 Nf6 5. O-O Be7 6. Re1 b5 7. Bb3 O-O 8. c3
d6 9. h3 Na5 10. Bc2 c5 11. d4 Qc7 12. Nbd2 Bb7 13. d5 c4 14. Nf1 Bc8 15. Ng3 g6
16. Nh2 Re8 17. f4 Nb7 18. Qf3 Nd7 19. f5 Qd8 20. Rf1 Nf6 21. Ng4 Nxg4 22. hxg4
Bf8 23. fxg6 f6 24. gxh7+ Kxh7 25. Nh5 Bg7 26. Qh3 Rh8 27. Nxf6+ Kg6 28. Nh5 Qd7
29. Be3 Qxg4 30. Qxg4+ Bxg4 31. Nxg7 Kxg7 32. Bd1 Bxd1 33. Raxd1 Raf8 34. Bb6
Kg6 35. Rxf8 Rxf8 36. Rf1 Rf4 37. Rxf4 exf4 38. Kf2 Kg5 39. Kf3 a5 40. a3 a4 41.
g3 fxg3 42. Kxg3 Kh5 43. Kf4 Kh4 44. e5 dxe5+ 45. Kxe5 Kg4 46. d6 Kf3 47. Kd5 1-0

[Event "Moscow Open F Women"]
[Site "Moscow RUS"]
[Date "2011.01.30"]
[Round "2.47"]
[White "Kostitsina, Liubov"]
[Black "Cherniavskaya, Klara"]
[Result "1-0"]
[WhiteElo "1930"]
[BlackElo "1645"]
[WhiteFideId "24117110"]
[BlackFideId "4194462"]
[EventDate "2011.01.29"]

1. e4 c6 2. d4 d5 3. exd5 cxd5 4. c4 Nf6 5. Nc3 e6 6. Nf3 Bb4 7. Bd3 Qa5 8. O-O
Bxc3 9. bxc3 Qxc3 10. Bg5 Nbd7 11. Rc1 Qa3 12. Re1 O-O 13. Re3 Qxa2 14. Ra1 Qb2
15. c5 Ng4 16. Re2 Qc3 17. Rc2 Qb3 18. Qd2 h6 19. Bh4 g5 20. Bxg5 Ndf6 21. Bxf6
Nxf6 22. Rb2 Ne4 23. Bxe4 Qxb2 24. Qxb2 dxe4 25. Ne5 f6 26. Nc4 f5 27. Ne5 Kg7
28. Qe2 a5 29. Qh5 Rf6 30. Ra3 f4 31. Ng4 Rf5 32. Qxh6+ Kf7 33. Ne5+ Ke8 34. Qg7
Ra6 35. Rh3 Rf8 36. Ng6 e5 37. Qe7# 1-0

[Event "Moscow Open F Women"]
[Site "Moscow RUS"]
[Date "2011.01.30"]
[Round "2.48"]
[White "Skakun, Valentina"]
[Black "Sotiriadou, Ioanna"]
[Result "1-0"]
[WhiteElo "1925"]
[BlackElo "1607"]
[WhiteFideId "24133469"]
[BlackFideId "4222997"]
[EventDate "2011.01.29"]

1. d4 d6 2. c4 c6 3. e4 Nf6 4. Nc3 e6 5. Nf3 Be7 6. Bd3 Nbd7 7. e5 dxe5 8. dxe5
Ng4 9. Bf4 Qa5 10. Qe2 Bb4 11. Rc1 Qxa2 12. O-O Qa5 13. h3 Nh6 14. Bxh6 gxh6 15.
Qe3 h5 16. Qg5 Nc5 17. Qf6 Rf8 18. Bxh7 Nb3 19. Rcd1 Be7 20. Qf4 Bd7 21. Bc2 Nc5
22. Rb1 Qc7 23. b4 Na6 24. c5 O-O-O 25. Bd3 Nb8 26. Ne4 b6 27. Nd6+ Bxd6 28.
cxd6 Qb7 29. b5 cxb5 30. Rfc1+ Nc6 31. Nd4 Kb8 32. Be4 Rc8 33. Kh1 a6 34. Rc2 f6
35. Nxc6+ Bxc6 36. Bxc6 Rxc6 37. Rxc6 Qxc6 38. exf6 Kb7 39. Rc1 Qd5 40. Rc7+ Kb8
41. d7 e5 42. Qc1 Qg8 43. Qc6 1-0

[Event "Moscow Open F Women"]
[Site "Moscow RUS"]
[Date "2011.01.30"]
[Round "2.50"]
[White "Kisteneva, Liza"]
[Black "Loginova, Tatiana"]
[Result "1-0"]
[WhiteTitle "WFM"]
[WhiteElo "1911"]
[BlackElo "1599"]
[WhiteFideId "24124877"]
[BlackFideId "24174700"]
[EventDate "2011.01.29"]

1. e4 c6 2. d4 d5 3. Nc3 dxe4 4. Nxe4 Bf5 5. Ng3 Bg6 6. h4 h6 7. h5 Bh7 8. Bd3
Bxd3 9. Qxd3 Nf6 10. Nf3 Nbd7 11. Bd2 e6 12. Ne4 Qb6 13. O-O-O Nxe4 14. Qxe4 Be7
15. Qe2 Bf6 16. c3 a5 17. Ne5 Nxe5 18. dxe5 Be7 19. Be3 Qa6 20. Qxa6 Rxa6 21.
Rd3 Ra8 22. Rhd1 Rd8 23. Bb6 Rxd3 24. Rxd3 a4 25. Rd4 a3 26. b4 Bg5+ 27. f4 Bh4
28. g3 Be7 29. Kc2 f6 30. Kb3 fxe5 31. fxe5 Bg5 32. Rd6 Ke7 33. Bc5 Ke8 34.
Rxe6+ Kd7 35. Rg6 Rg8 36. Kxa3 Bd2 37. Kb3 Be1 38. Bd4 Ke7 39. e6 Kf8 40. Bc5+
Ke8 41. Rg4 Kd8 42. Rd4+ Kc8 43. Rd3 Kc7 44. Kc2 Re8 45. e7 b6 46. Rd8 bxc5 47.
Rxe8 Kd7 48. Rg8 Kxe7 49. Rxg7+ Ke8 50. bxc5 Bf2 51. Rg6 Bxc5 52. Rxh6 Kd7 53.
Rg6 Bd6 54. h6 Be5 55. h7 c5 56. Rg8 Ke7 57. h8=Q Bxh8 58. Rxh8 Kd6 59. Rf8 Kd5
60. g4 Kc4 61. g5 Kb5 62. g6 Ka4 63. g7 c4 64. g8=Q Kb5 65. Qd5+ Kb6 66. Rf6+
Kc7 67. Qd6+ Kc8 68. Rf8+ Kb7 69. Rb8+ Ka7 70. Qb6# 1-0

[Event "Moscow Open F Women"]
[Site "Moscow RUS"]
[Date "2011.01.30"]
[Round "2.51"]
[White "Afanasieva, Elena"]
[Black "Lisachenko, Natalia"]
[Result "0-1"]
[WhiteElo "1592"]
[BlackElo "1903"]
[WhiteFideId "4170580"]
[BlackFideId "4174151"]
[EventDate "2011.01.29"]

1. e4 c6 2. d4 d5 3. e5 Bf5 4. g4 Bg6 5. h4 h5 6. g5 e6 7. Bd3 Bxd3 8. Qxd3 Ne7
9. Ne2 Qb6 10. c3 c5 11. dxc5 Qxc5 12. Be3 Qa5 13. Nd4 a6 14. Nd2 Nbc6 15. Nxc6
Nxc6 16. f4 g6 17. Nb3 Qc7 18. Nd4 Na5 19. b3 Rc8 20. Rc1 Be7 21. O-O Nc6 22.
Nxc6 Qxc6 23. Kh2 O-O 24. c4 Qd7 25. Rfd1 Bc5 26. Bxc5 Rxc5 27. b4 Rc7 28. cxd5
Rxc1 29. Rxc1 exd5 30. Qh3 Qb5 31. a3 Qe2+ 32. Qg2 Qe3 33. Rf1 Qxa3 34. Qxd5
Qxb4 35. e6 Qe7 36. exf7+ Qxf7 37. Qxf7+ Rxf7 38. Kg3 b5 39. Ra1 Ra7 40. Kf3 b4
41. Ke3 a5 42. Kd3 b3 43. Kc3 a4 44. Kb2 Kf7 45. Re1 Re7 46. Ra1 Re4 47. Rf1
Re2+ 48. Kc3 Ke6 49. f5+ gxf5 50. Rg1 Kf7 51. Rf1 Kg6 52. Rf4 Re4 53. Rxe4 0-1

[Event "Moscow Open F Women"]
[Site "Moscow RUS"]
[Date "2011.01.30"]
[Round "2.52"]
[White "Bauyrzhan, Arnash"]
[Black "Artemenko, Rimma"]
[Result "1-0"]
[WhiteElo "1900"]
[BlackElo "1566"]
[WhiteFideId "13706322"]
[BlackFideId "4194799"]
[EventDate "2011.01.29"]

1. e4 e6 2. d4 b6 3. Nf3 Bb7 4. Bd3 Nf6 5. Bg5 h6 6. Bxf6 Qxf6 7. O-O c5 8. c3
d6 9. Bb5+ Nd7 10. Nbd2 Qd8 11. dxc5 bxc5 12. b4 a6 13. Ba4 cxb4 14. cxb4 Be7
15. Nc4 Qc7 16. Bxd7+ Kxd7 17. Rc1 Qb8 18. Nb6+ Kd8 19. Qa4 Bc8 20. Rxc8+ Qxc8
21. Nxc8 Rxc8 22. Rd1 f6 23. Nd4 Rc4 24. Nxe6+ Kc8 25. Qxa6+ 1-0

[Event "Moscow Open F Women"]
[Site "Moscow RUS"]
[Date "2011.01.30"]
[Round "2.53"]
[White "Sazonova, Anastasia"]
[Black "Stanetskaya, Galina"]
[Result "1-0"]
[WhiteElo "1886"]
[BlackElo "1531"]
[WhiteFideId "24131008"]
[BlackFideId "24156957"]
[EventDate "2011.01.29"]

1. e4 c5 2. Nf3 d6 3. d4 cxd4 4. Nxd4 Nf6 5. Nc3 e5 6. Nb3 g6 7. Be2 Bg7 8. Be3
O-O 9. Qd2 a6 10. O-O-O Ne8 11. Nd5 Nd7 12. h4 Nef6 13. Nxf6+ Nxf6 14. f3 Nh5
15. Qxd6 Qxd6 16. Rxd6 Ng3 17. Re1 Nxe2+ 18. Rxe2 Be6 19. Nc5 Bc4 20. Red2 Rfb8
21. Nd7 Re8 22. Nb6 Rab8 23. Nxc4 b5 24. Na5 Ra8 25. Nc6 Bf8 26. Rd8 f6 27. Rxa8
Rxa8 28. Rd8 Rxd8 29. Nxd8 Be7 30. Ne6 f5 31. g3 Kf7 32. Nc7 Bd6 33. Nxa6 f4 34.
gxf4 exf4 35. Bf2 h6 36. Nc5 Kf6 37. a4 bxa4 38. Nxa4 Ke6 39. c4 Kd7 40. c5 Bc7
41. Nb6+ Kc6 42. Nd5 Bd8 43. Nxf4 g5 44. Ne6 Bf6 45. hxg5 hxg5 46. Be3 Kd7 47.
Nxg5 1-0

[Event "Moscow Open F Women"]
[Site "Moscow RUS"]
[Date "2011.01.30"]
[Round "2.56"]
[White "Arnatskaya, Zoya"]
[Black "Kiparenko, Galina"]
[Result "1-0"]
[BlackTitle "WFM"]
[WhiteElo "1867"]
[BlackElo "2079"]
[WhiteFideId "24137081"]
[BlackFideId "4143884"]
[EventDate "2011.01.29"]

1. e4 c5 2. Nf3 Nc6 3. c3 a6 4. d4 cxd4 5. cxd4 e6 6. Nc3 Bb4 7. Bd2 b5 8. d5
Na5 9. a3 Bc5 10. b4 Bxf2+ 11. Kxf2 Nc4 12. Bxc4 bxc4 13. Be3 Nf6 14. h3 Bb7 15.
Qd4 O-O 16. Bg5 Rc8 17. e5 h6 18. Bh4 g5 19. exf6 e5 20. Qg4 Qb6+ 21. Kf1 Qxf6
22. Bg3 Qg6 23. Nxe5 Qf6+ 24. Qf3 Qg6 25. Nxd7 Rfe8 26. Nf6+ Kh8 27. Nxe8 Rxe8
28. Rd1 f5 29. Bf2 Qf7 30. h4 g4 31. Qf4 Kh7 32. Qxc4 Rc8 33. Qd3 Rd8 34. h5 Bc8
35. Na4 Be6 36. dxe6 1-0

[Event "Moscow Open F Women"]
[Site "Moscow RUS"]
[Date "2011.01.31"]
[Round "3.1"]
[White "Turova, Irina"]
[Black "Bezgodova, Maria"]
[Result "1-0"]
[WhiteTitle "IM"]
[BlackTitle "WFM"]
[WhiteElo "2434"]
[BlackElo "2190"]
[WhiteFideId "4120876"]
[BlackFideId "24111260"]
[EventDate "2011.01.29"]

1. d4 d5 2. Nf3 c5 3. c4 cxd4 4. cxd5 Nf6 5. Qxd4 Qxd5 6. Nc3 Qxd4 7. Nxd4 a6 8.
e4 e5 9. Nc2 Be6 10. Bg5 Nc6 11. Bd3 O-O-O 12. O-O-O Bc5 13. Ne3 Nb4 14. Bb1 Bd4
15. a3 Nc6 16. Ned5 h6 17. Bxf6 gxf6 18. Nxf6 Bxf2 19. Ncd5 Kb8 20. Ba2 Rc8 21.
Kb1 Bd4 22. Rc1 Na7 23. Ne7 Rxc1+ 24. Rxc1 Be3 25. Rd1 Bxa2+ 26. Kxa2 Bd4 27.
Rf1 Nc8 28. Nf5 Nb6 29. Rd1 Rd8 30. Kb3 a5 31. a4 h5 32. Nxh5 Rh8 33. g4 Rg8 34.
h3 Bc5 35. Nf6 Rh8 36. h4 Kc7 37. h5 Bf8 38. g5 Bc5 39. h6 Bb4 40. h7 Bf8 41.
Rg1 Nd7 42. Rc1+ Nc5+ 43. Ka2 Kd8 44. Rg1 Ne6 45. g6 Be7 46. Rd1+ Nd4 47. g7 1-0

[Event "Moscow Open F Women"]
[Site "Moscow RUS"]
[Date "2011.01.31"]
[Round "3.3"]
[White "Verko, Tatiana"]
[Black "Kovanova, Baira"]
[Result "1-0"]
[WhiteTitle "WFM"]
[BlackTitle "WGM"]
[WhiteElo "2147"]
[BlackElo "2391"]
[WhiteFideId "13700987"]
[BlackFideId "4164083"]
[EventDate "2011.01.29"]

1. d4 Nf6 2. c4 e6 3. Nc3 Bb4 4. e3 O-O 5. Bd3 c5 6. Nf3 d5 7. O-O Nc6 8. a3
Bxc3 9. bxc3 dxc4 10. Bxc4 Qc7 11. Ba2 Rd8 12. Qe2 h6 13. Rd1 Qa5 14. Bb2 b6 15.
e4 Ba6 16. Qe3 Qb5 17. Rd2 Na5 18. Ne5 Nb3 19. a4 cxd4 20. cxd4 Qb4 21. Bxb3
Nxe4 22. Rdd1 Rac8 23. Ba3 Qc3 24. Bxe6 fxe6 25. Qxe4 Qb3 26. Nc6 1-0

[Event "Moscow Open F Women"]
[Site "Moscow RUS"]
[Date "2011.01.31"]
[Round "3.5"]
[White "Pustovoitova, Daria"]
[Black "Bivol, Alina"]
[Result "0-1"]
[WhiteTitle "FM"]
[BlackTitle "WFM"]
[WhiteElo "2331"]
[BlackElo "2114"]
[WhiteFideId "4182146"]
[BlackFideId "4100123"]
[EventDate "2011.01.29"]

1. d4 Nf6 2. c4 c6 3. Nf3 d5 4. e3 g6 5. Bd3 Bg7 6. Nbd2 O-O 7. b3 Nbd7 8. Bb2
e6 9. O-O b6 10. e4 dxe4 11. Nxe4 Nxe4 12. Bxe4 Bb7 13. Re1 Qc7 14. Qc2 Rad8 15.
Rad1 Rfe8 16. h4 Nf6 17. Bd3 c5 18. dxc5 Bxf3 19. cxb6 axb6 20. gxf3 Qf4 21. Be5
Qxh4 22. Bc7 Rd4 23. Bxb6 Rf4 24. Bf1 Rxf3 25. Bg2 Rf5 26. Rd8 Rf8 27. Qd3 Rg5
28. Qf3 Rxd8 29. Bxd8 Rf5 30. Qe2 g5 31. Bc7 Nh5 32. Rd1 Bf6 33. a4 e5 34. a5
Nf4 35. Qf1 Qg4 36. f3 Qg3 37. Bb6 g4 38. fxg4 Qxg4 39. Qf3 Nh3+ 40. Qxh3 Qxd1+
41. Bf1 Rg5+ 42. Kf2 Rg4 43. a6 Bh4+ 44. Ke3 Qe1+ 0-1

[Event "Moscow Open F Women"]
[Site "Moscow RUS"]
[Date "2011.01.31"]
[Round "3.8"]
[White "Mirzoeva, Elmira"]
[Black "Frolova, Ekaterina"]
[Result "1-0"]
[WhiteTitle "WGM"]
[WhiteElo "2216"]
[BlackElo "2067"]
[WhiteFideId "4127951"]
[BlackFideId "4159420"]
[EventDate "2011.01.29"]

1. d4 d5 2. Nf3 Nf6 3. c4 c6 4. Nc3 e6 5. cxd5 exd5 6. Bg5 h6 7. Bh4 Bf5 8. Qb3
b6 9. Ne5 Be7 10. e3 O-O 11. Bd3 Bxd3 12. Nxd3 Nbd7 13. O-O Ne4 14. Bxe7 Qxe7
15. Rfd1 f5 16. Rac1 Kh7 17. Ne2 Rac8 18. Rc2 Ndf6 19. Rdc1 c5 20. Qa3 Rc7 21.
dxc5 bxc5 22. h3 Rfc8 23. Nd4 g6 24. Nf4 c4 25. Qa5 Rc5 26. Qa6 Nd7 27. Nfe6 Ne5
28. Nxc5 Nxc5 29. Qxc8 Ned3 30. Qc6 f4 31. exf4 Nxc1 32. Rxc1 Nd3 33. Rb1 Nxf4
34. Rd1 Qg5 35. Qd7+ Kg8 36. Qg4 Qe5 37. Nf3 Qf6 38. Re1 1-0

[Event "Moscow Open F Women"]
[Site "Moscow RUS"]
[Date "2011.01.31"]
[Round "3.10"]
[White "Egorova, Ayyyna"]
[Black "Berdychevaskaya, Natasha"]
[Result "0-1"]
[WhiteTitle "WCM"]
[BlackTitle "WFM"]
[WhiteElo "1847"]
[BlackElo "2193"]
[WhiteFideId "24136611"]
[BlackFideId "4159322"]
[EventDate "2011.01.29"]

1. e4 Nc6 2. Nf3 d6 3. d4 Nf6 4. Nc3 g6 5. Bf4 Bg7 6. Qd2 Bg4 7. d5 Nb8 8. Bh6
O-O 9. Bxg7 Kxg7 10. h3 Bxf3 11. gxf3 e5 12. Bc4 Nh5 13. Ne2 Qf6 14. Qe3 Nd7 15.
O-O Qh4 16. Kg2 f5 17. Bd3 Ndf6 18. c4 fxe4 19. Bxe4 Rf7 20. Rac1 Raf8 21. b4
Nxe4 22. fxe4 Nf4+ 23. Nxf4 Rxf4 24. Rce1 Rf3 25. Qxf3 Rxf3 26. Kxf3 Qxh3+ 27.
Ke2 Qa3 28. c5 Qxa2+ 29. Kf3 Qb3+ 0-1

[Event "Moscow Open F Women"]
[Site "Moscow RUS"]
[Date "2011.01.31"]
[Round "3.11"]
[White "Savina, Anastasia"]
[Black "Severina, Maria"]
[Result "1-0"]
[WhiteTitle "WGM"]
[WhiteElo "2397"]
[BlackElo "2032"]
[WhiteFideId "4196872"]
[BlackFideId "4116909"]
[EventDate "2011.01.29"]

1. d4 Nf6 2. c4 e6 3. Nf3 c5 4. d5 exd5 5. cxd5 d6 6. Nc3 a6 7. a4 g6 8. Nd2 Bg7
9. e4 O-O 10. Be2 Nbd7 11. O-O Qe7 12. f4 Ne8 13. Bf3 Rb8 14. Nc4 f6 15. Rb1 Qd8
16. a5 Qe7 17. Re1 Nc7 18. b4 cxb4 19. Rxb4 Ne8 20. Ba3 Qd8 21. Na4 Rf7 22. Nab6
Qc7 23. Nxc8 Rxc8 24. Bg4 f5 25. exf5 Bc3 26. fxg6 hxg6 27. Nb6 Bxb4 28. Bxb4
Nxb6 29. Bxc8 Qxc8 30. axb6 Rxf4 31. Qb1 Ng7 32. Bxd6 Rf6 33. Be7 Rf5 34. d6 Ne8
35. Qb3+ Kh7 36. Qh3+ Kg7 37. Qe3 Qd7 38. Qd4+ Kg8 39. Qc4+ Kh7 40. Qe6 Qxe6 41.
Rxe6 Rd5 42. Bf8 1-0

[Event "Moscow Open F Women"]
[Site "Moscow RUS"]
[Date "2011.01.31"]
[Round "3.12"]
[White "Tsepennikova, Tatyana"]
[Black "Doluhanova, Evgeniya"]
[Result "0-1"]
[WhiteTitle "WFM"]
[BlackTitle "WGM"]
[WhiteElo "2104"]
[BlackElo "2267"]
[WhiteFideId "4153901"]
[BlackFideId "14112035"]
[EventDate "2011.01.29"]

1. d4 d5 2. Nf3 Nf6 3. Bg5 g6 4. Nbd2 Bg7 5. c3 O-O 6. e3 Bf5 7. Ne5 Nbd7 8. Bf4
Nh5 9. Qf3 Nxf4 10. exf4 Nxe5 11. fxe5 f6 12. Qe3 c5 13. Nf3 Be4 14. Nd2 cxd4
15. cxd4 fxe5 16. Nxe4 dxe4 17. Bc4+ Kh8 18. dxe5 Rc8 19. Rc1 Qa5+ 20. Kf1 Qxe5
21. Rc2 Qd4 22. Qe2 Rxf2+ 23. Qxf2 Qd1+ 0-1

[Event "Moscow Open F Women"]
[Site "Moscow RUS"]
[Date "2011.01.31"]
[Round "3.13"]
[White "Smirnova, Ekaterina"]
[Black "Drozdova, Dina"]
[Result "1/2-1/2"]
[WhiteElo "2018"]
[BlackElo "2203"]
[WhiteFideId "4110943"]
[BlackFideId "4170695"]
[EventDate "2011.01.29"]

1. e4 d6 2. d4 Nf6 3. Bd3 e5 4. c3 Be7 5. Nf3 Nbd7 6. O-O c6 7. Re1 O-O 8. Nbd2
Qc7 9. Nf1 Re8 10. Ng3 Bf8 11. dxe5 dxe5 12. Bc4 h6 13. a4 b6 14. Qe2 a6 15. Nh4
Nc5 16. Nhf5 Nxa4 17. Rxa4 b5 18. Nh5 Nxh5 19. Qxh5 bxc4 20. Rxc4 Kh7 21. Qf3
Be6 22. Ra4 Bb3 23. Ra1 a5 24. Be3 a4 25. Ng3 g6 26. Nf1 Reb8 27. h4 Be6 28. Qe2
Rb3 29. Reb1 Qb7 30. Qc2 Rb5 31. Nd2 Rba5 32. Qd3 Be7 33. g3 Rb5 34. Qc2 Bb3 35.
Nxb3 Rxb3 36. Ra2 a3 37. Bc1 Bc5 38. Kg2 Qb5 39. Rba1 Qc4 40. Bd2 Ra4 41. bxa3
Raxa3 42. Rxa3 Bxa3 43. Rb1 Rxb1 44. Qxb1 Bc5 45. Qe1 Qd3 46. Bc1 f6 47. f3 h5
48. Qd2 Qxd2+ 49. Bxd2 f5 50. c4 fxe4 51. fxe4 Bd4 52. Kf3 Kg7 53. g4 Kf6 54.
gxh5 1/2-1/2

[Event "Moscow Open F Women"]
[Site "Moscow RUS"]
[Date "2011.01.31"]
[Round "3.15"]
[White "Butuc, Maria"]
[Black "Avdeyeva, Viktoriya"]
[Result "0-1"]
[WhiteTitle "WIM"]
[WhiteElo "2188"]
[BlackElo "2020"]
[WhiteFideId "13902911"]
[BlackFideId "13403389"]
[EventDate "2011.01.29"]

1. Nf3 d5 2. d4 Nc6 3. c4 e5 4. cxd5 Qxd5 5. Nc3 Bb4 6. e3 exd4 7. exd4 Nf6 8.
Be2 O-O 9. O-O Qa5 10. Na4 Bg4 11. a3 Bd6 12. h3 Bxf3 13. Bxf3 Rad8 14. Bxc6
bxc6 15. Qc2 Rfe8 16. Be3 Qh5 17. Nc3 Nd5 18. Nxd5 cxd5 19. b4 Re6 20. Qd1 Qf5
21. Kh1 Rde8 22. b5 Re4 23. Qd3 Qg6 24. a4 f5 25. Bd2 Qf6 26. Rfe1 Rf8 27. Bc3
Qh4 28. Qf3 g5 29. Kg1 g4 30. Qd3 Kh8 31. Re3 Rg8 32. Bd2 Qf6 33. Bc3 Qg6 34. h4
g3 35. fxg3 Bxg3 36. Ra2 Bxh4 37. Ree2 Bg3 38. Re3 Qg4 39. Kf1 Qf4+ 40. Rf3 Qc1+ 0-1

[Event "Moscow Open F Women"]
[Site "Moscow RUS"]
[Date "2011.01.31"]
[Round "3.16"]
[White "Dordzhieva, Dinara"]
[Black "Shulakova, Svetlana"]
[Result "0-1"]
[WhiteTitle "WCM"]
[BlackTitle "WFM"]
[WhiteElo "1929"]
[BlackElo "2180"]
[WhiteFideId "24157570"]
[BlackFideId "4142691"]
[EventDate "2011.01.29"]

1. e4 c5 2. Nf3 d6 3. d4 cxd4 4. Nxd4 Nf6 5. Nc3 a6 6. a4 e5 7. Nb3 Be6 8. Be2
Be7 9. O-O O-O 10. Be3 Nc6 11. Kh1 d5 12. exd5 Nxd5 13. Nxd5 Bxd5 14. c4 Be6 15.
Nc5 Bc8 16. Qxd8 Rxd8 17. Rfd1 Nd4 18. Bxd4 exd4 19. Nb3 Bf6 20. Rd2 Bf5 21.
Rad1 Bg5 22. Rxd4 Bc2 23. Rxd8+ Bxd8 24. Rd7 Bxb3 25. Rxb7 Bxa4 26. Bf3 Be8 27.
Bd5 a5 28. g3 a4 29. Kg2 Kf8 30. Kf3 Rc8 31. Ke4 Rc7 32. Rb8 Bf6 33. f4 Ke7 34.
g4 h6 35. Rb4 Kd6 36. h3 Kc5 37. Rb8 Bc6 38. Bxc6 Rxc6 39. g5 hxg5 40. fxg5 Bxb2
41. Rxb2 a3 42. Ra2 Kb4 43. Kd3 Kb3 44. Rf2 a2 45. Rxf7 Rd6+ 0-1

[Event "Moscow Open F Women"]
[Site "Moscow RUS"]
[Date "2011.01.31"]
[Round "3.17"]
[White "Gvanceladze, Anna"]
[Black "Trotsenko, Evgenia"]
[Result "1-0"]
[WhiteTitle "WFM"]
[BlackTitle "WFM"]
[WhiteElo "2163"]
[BlackElo "2001"]
[WhiteFideId "4113721"]
[BlackFideId "4149289"]
[EventDate "2011.01.29"]

1. d4 d5 2. Nf3 Nf6 3. c4 c6 4. Nc3 e6 5. Bg5 Be7 6. e3 Nbd7 7. cxd5 exd5 8. Bd3
O-O 9. O-O Re8 10. Qc2 Nf8 11. Ne5 N6d7 12. Bf4 Nxe5 13. dxe5 Bg5 14. Bxg5 Qxg5
15. f4 Qd8 16. Rae1 d4 17. exd4 Qxd4+ 18. Kh1 Rd8 19. Rd1 Qb6 20. f5 Bd7 21. Qd2
Qc5 22. Qf4 Re8 23. e6 fxe6 24. f6 gxf6 25. Ne4 Qe7 26. Nxf6+ Kh8 27. Nxe8 Rxe8
28. Bc4 Bc8 29. Bd3 e5 30. Qe4 Ng6 31. Bc4 Be6 32. Bxe6 Qxe6 33. b3 Nf4 34. g3
Nd5 35. Rf3 Nf6 36. Qf5 Nd5 37. Qe4 Nf6 38. Qh4 Nd5 39. Rdf1 Ne7 40. Rf7 Qd5+
41. Kg1 Qd3 42. Qf6+ 1-0